000
00261 a2200097 4500
001
34079
100
_a
Youssef m. Choueiri
245
_a
SAT; how to prepare scholastic aptitude test
260
_a
New Delhi
_b
Guldoril press
_c
1990
090
_c
22545
_d
22545
942
_a
NUST-CAE
_c
MONOGRAPH
_c
13942
999
_c
269152
_d
269152